| 000 | 00000nam##2200000za#4500 |
| 001 | 9.573815 |
| 003 | CaOODSP |
| 005 | 20210705115226 |
| 007 | cr ||||||||||| |
| 008 | 150406|2004||||xxc|||||o f|0| 0 eng|d |
| 040 | |aCaOODSP|beng |
| 043 | |an-cn--- |
| 086 | 1 |aH117-4/3-2004E-PDF |
| 110 | 1 |aCanada. |bCanadian Institute for Health Information. |
| 245 | 10|aPedestrian injury hospitalization in Canada, 2001-2002 / |h[electronic resource]|cIssued jointly by Statistics Canada. |
| 260 | |aOttawa - Ontario : |bCanadian Institute for Health Information |cMay 2004. |
| 300 | |a14p.|bcoloured figs., graphs, tables |
| 490 | 1 |aNational Trauma Registry analytic bulletin |
| 590 | |a12-19-Supp|b2012-04-30 |
| 775 | 08|tHospitalisations de piétons à la suite d'une blessure au Canada, 2001-2002 / |w(CaOODSP)9.603856 |
| 830 | #0|aNational Trauma Registry analytic bulletin.|w(CaOODSP)9.506984 |
| 856 | 40|ahttp://publications.gc.ca|qPDF|s138 KB|uhttps://publications.gc.ca/collections/collection_2012/icis-cihi/H117-4-3-2004-eng.pdf |